Exportnövelő intézkedések Fonószalagok, zsinegek - Új gépek /
Elmentve itt :
| Szerző: | |
|---|---|
| Dokumentumtípus: | Cikk |
| Megjelent: |
1978-02-28
|
| Sorozat: | Délmagyarország
68 No. 50 |
| Kulcsszavak: | Kenderfeldolgozó Szövőipari Vállalat Tröszt |
| Online Access: | http://dmarchiv.bibl.u-szeged.hu/106341 |
| LEADER | 00522nab a2200157 i 4500 | ||
|---|---|---|---|
| 001 | delm106341 | ||
| 005 | 20190520111955.0 | ||
| 008 | 190520s1978 hu o 0|| hun d | ||
| 040 | |a SZTE Délmagyarország Archívum |b hun | ||
| 041 | |a hun | ||
| 100 | 1 | |a Majoros Tibor | |
| 245 | 1 | 0 | |a Exportnövelő intézkedések |h [elektronikus dokumentum] : |b Fonószalagok, zsinegek - Új gépek / |c Majoros Tibor |
| 260 | |c 1978-02-28 | ||
| 300 | |a 1 | ||
| 490 | 0 | |a Délmagyarország |v 68 No. 50 | |
| 695 | |a Kenderfeldolgozó Szövőipari Vállalat Tröszt | ||